[Event "Blitz 2018"]
[Site "Saint-Petersburg"]
[Date "2018.12.30"]
[Round "14"]
[Board "49"]
[White "Levin Evgeny A. (RUS)"]
[Black "Van Foreest Jorden (NED)"]
[Result "0-1"]
[LiveChessVersion "1.4.8"]
[BlackElo "2657"]
[WhiteElo "2539"]

1. d4 {[%clk 0:03:03]} d5 {[%clk 0:03:02]} 2. c4 {[%clk 0:03:04]} c6
{[%clk 0:03:03]} 3. Nf3 {[%clk 0:03:04]} Nf6 {[%clk 0:03:04]} 4. e3
{[%clk 0:03:05]} g6 {[%clk 0:03:05]} 5. Nc3 {[%clk 0:03:06]} Bg7 {[%clk 0:03:05]}
6. Be2 {[%clk 0:03:07]} O-O {[%clk 0:03:05]} 7. O-O {[%clk 0:03:07]} dxc4
{[%clk 0:03:03]} 8. Bxc4 {[%clk 0:03:08]} Nbd7 {[%clk 0:03:04]} 9. e4
{[%clk 0:02:02]} b5 {[%clk 0:03:04]} 10. Bd3 {[%clk 0:01:54]} e5 {[%clk 0:02:44]}
11. dxe5 {[%clk 0:01:47]} Ng4 {[%clk 0:02:44]} 12. e6 {[%clk 0:01:25]} fxe6
{[%clk 0:02:45]} 13. h3 {[%clk 0:01:22]} Nge5 {[%clk 0:02:21]} 14. Nxe5
{[%clk 0:01:22]} Nxe5 {[%clk 0:02:20]} 15. Be2 {[%clk 0:01:22]} Nf7
{[%clk 0:01:59]} 16. Be3 {[%clk 0:01:16]} Qe7 {[%clk 0:01:55]} 17. Qc2
{[%clk 0:01:10]} a6 {[%clk 0:01:52]} 18. f4 {[%clk 0:01:04]} e5 {[%clk 0:01:33]}
19. f5 {[%clk 0:01:01]} Bh6 {[%clk 0:01:33]} 20. Bxh6 {[%clk 0:00:50]} Nxh6
{[%clk 0:01:34]} 21. Qd2 {[%clk 0:00:51]} Nf7 {[%clk 0:01:25]} 22. Bg4
{[%clk 0:00:49]} Qg5 {[%clk 0:01:04]} 23. Rad1 {[%clk 0:00:09]} Qxd2
{[%clk 0:00:51]} 24. Rxd2 {[%clk 0:00:10]} Ra7 {[%clk 0:00:51]} 25. fxg6
{[%clk 0:00:08]} hxg6 {[%clk 0:00:52]} 26. Rf6 {[%clk 0:00:05]} Kg7
{[%clk 0:00:49]} 27. Rxc6 {[%clk 0:00:05]} Bxg4 {[%clk 0:00:50]} 28. hxg4
{[%clk 0:00:06]} b4 {[%clk 0:00:39]} 29. Nd5 {[%clk 0:00:06]} Ng5
{[%clk 0:00:40]} 30. Ne3 {[%clk 0:00:05]} Nxe4 {[%clk 0:00:39]} 31. Rd5
{[%clk 0:00:06]} Ng3 {[%clk 0:00:37]} 32. Kh2 {[%clk 0:00:04]} Ne2
{[%clk 0:00:38]} 33. g3 {[%clk 0:00:05]} Nd4 {[%clk 0:00:39]} 34. Rc1
{[%clk 0:00:05]} Rf2+ {[%clk 0:00:35]} 35. Kg1 {[%clk 0:00:06]} Re2
{[%clk 0:00:35]} 36. Nc4 {[%clk 0:00:06]} Nf3+ {[%clk 0:00:35]} 37. Kf1
{[%clk 0:00:07]} Rh2 {[%clk 0:00:26]} 38. Rcd1 {[%clk 0:00:08]} Rf7
{[%clk 0:00:26]} 39. Nd6 {[%clk 0:00:06]} Rf8 {[%clk 0:00:22]} 40. Nb7
{[%clk 0:00:03]} Nh4+ {[%clk 0:00:18]} 41. Kg1 {[%clk 0:00:04]} Nf3+
{[%clk 0:00:16]} 42. Kf1 {[%clk 0:00:05]} e4 {[%clk 0:00:15]} 43. Rd7+
{[%clk 0:00:06]} Kh6 {[%clk 0:00:16]} 44. Re7 {[%clk 0:00:06]} Ng5+
{[%clk 0:00:12]} 45. Kg1 {[%clk 0:00:07]} Rff2 {[%clk 0:00:12]} 0-1

[Event "Blitz 2018"]
[Site "Saint-Petersburg"]
[Date "2018.12.30"]
[Round "14"]
[Board "50"]
[White "Tukhaev Adam (UKR)"]
[Black "Anton Guijarro David (ESP)"]
[Result "0-1"]
[LiveChessVersion "1.4.8"]
[BlackElo "2631"]
[WhiteElo "2529"]

1. e4 {[%clk 0:03:03]} g6 {[%clk 0:03:03]} 2. d4 {[%clk 0:03:04]} Bg7
{[%clk 0:03:03]} 3. Nc3 {[%clk 0:03:04]} c6 {[%clk 0:03:04]} 4. Nf3
{[%clk 0:02:46]} d6 {[%clk 0:03:05]} 5. h3 {[%clk 0:02:43]} Nf6 {[%clk 0:03:05]}
6. Bd3 {[%clk 0:02:42]} O-O {[%clk 0:03:04]} 7. O-O {[%clk 0:02:41]} Nbd7
{[%clk 0:03:00]} 8. e5 {[%clk 0:02:22]} Ne8 {[%clk 0:02:54]} 9. Re1
{[%clk 0:02:12]} dxe5 {[%clk 0:02:36]} 10. dxe5 {[%clk 0:02:12]} Nc5
{[%clk 0:02:34]} 11. Bf1 {[%clk 0:01:17]} Qxd1 {[%clk 0:02:27]} 12. Rxd1
{[%clk 0:01:18]} Nc7 {[%clk 0:02:26]} 13. Be3 {[%clk 0:01:17]} Nd7
{[%clk 0:02:18]} 14. Bf4 {[%clk 0:01:14]} Ne6 {[%clk 0:02:17]} 15. Bg3
{[%clk 0:01:14]} Nb6 {[%clk 0:01:59]} 16. a4 {[%clk 0:01:15]} a5 {[%clk 0:01:59]}
17. Rab1 {[%clk 0:01:16]} Nc5 {[%clk 0:01:52]} 18. b3 {[%clk 0:01:12]} Bf5
{[%clk 0:01:53]} 19. Nd4 {[%clk 0:01:12]} Rfd8 {[%clk 0:01:41]} 20. Nxf5
{[%clk 0:01:13]} gxf5 {[%clk 0:01:42]} 21. f4 {[%clk 0:01:14]} Ne6
{[%clk 0:01:31]} 22. Rxd8+ {[%clk 0:00:54]} Rxd8 {[%clk 0:01:32]} 23. b4
{[%clk 0:00:55]} Nd7 {[%clk 0:00:30]} 24. bxa5 {[%clk 0:00:55]} Nec5
{[%clk 0:00:24]} 25. Bf2 {[%clk 0:00:34]} Ra8 {[%clk 0:00:25]} 26. a6
{[%clk 0:00:35]} bxa6 {[%clk 0:00:26]} 27. Bxc5 {[%clk 0:00:27]} Nxc5
{[%clk 0:00:27]} 28. Rb6 {[%clk 0:00:29]} e6 {[%clk 0:00:22]} 29. Rxc6
{[%clk 0:00:30]} Bf8 {[%clk 0:00:24]} 30. g4 {[%clk 0:00:24]} fxg4
{[%clk 0:00:14]} 31. hxg4 {[%clk 0:00:25]} Rd8 {[%clk 0:00:10]} 32. Bxa6
{[%clk 0:00:22]} Rd4 {[%clk 0:00:11]} 33. Bb5 {[%clk 0:00:16]} Rxf4
{[%clk 0:00:09]} 34. a5 {[%clk 0:00:17]} Rxg4+ {[%clk 0:00:10]} 35. Kf1
{[%clk 0:00:16]} Rh4 {[%clk 0:00:08]} 36. a6 {[%clk 0:00:16]} Rh1+
{[%clk 0:00:09]} 37. Ke2 {[%clk 0:00:17]} Ra1 {[%clk 0:00:10]} 38. Bc4
{[%clk 0:00:11]} Ra3 {[%clk 0:00:09]} 39. Kd2 {[%clk 0:00:10]} h5
{[%clk 0:00:09]} 40. Rc8 {[%clk 0:00:08]} h4 {[%clk 0:00:08]} 41. Ra8
{[%clk 0:00:05]} h3 {[%clk 0:00:09]} 42. Bb5 {[%clk 0:00:05]} h2 {[%clk 0:00:09]}
43. Bc6 {[%clk 0:00:07]} Rxa6 {[%clk 0:00:09]} 44. Rxa6 {[%clk 0:00:07]} Nxa6
{[%clk 0:00:10]} 45. Ne4 {[%clk 0:00:04]} Bg7 {[%clk 0:00:11]} 46. Nf2
{[%clk 0:00:04]} Bxe5 {[%clk 0:00:11]} 47. Ng4 {[%clk 0:00:05]} Bd6
{[%clk 0:00:11]} 48. Ke2 {[%clk 0:00:06]} Kg7 {[%clk 0:00:11]} 49. Kf1
{[%clk 0:00:07]} Nb4 {[%clk 0:00:13]} 50. Bf3 {[%clk 0:00:08]} Nxc2
{[%clk 0:00:12]} 51. Bb7 {[%clk 0:00:08]} f5 {[%clk 0:00:13]} 52. Nf2
{[%clk 0:00:09]} Ne3+ {[%clk 0:00:13]} 53. Ke2 {[%clk 0:00:11]} Nd5
{[%clk 0:00:14]} 54. Kf3 {[%clk 0:00:12]} Bc5 {[%clk 0:00:14]} 55. Nh1
{[%clk 0:00:13]} Kf6 {[%clk 0:00:15]} 56. Kg2 {[%clk 0:00:14]} Bd6
{[%clk 0:00:16]} 57. Nf2 {[%clk 0:00:15]} Ne3+ {[%clk 0:00:16]} 58. Kh1
{[%clk 0:00:17]} Nd5 {[%clk 0:00:16]} 59. Nd3 {[%clk 0:00:17]} Kg5
{[%clk 0:00:15]} 60. Ne1 {[%clk 0:00:16]} Nf6 {[%clk 0:00:15]} 61. Bc8
{[%clk 0:00:19]} e5 {[%clk 0:00:15]} 62. Kxh2 {[%clk 0:00:20]} e4+
{[%clk 0:00:16]} 63. Kg2 {[%clk 0:00:22]} Nd5 {[%clk 0:00:14]} 64. Nc2
{[%clk 0:00:23]} Bc5 {[%clk 0:00:15]} 65. Bb7 {[%clk 0:00:20]} Nc3
{[%clk 0:00:16]} 66. Na1 {[%clk 0:00:19]} Bb6 {[%clk 0:00:13]} 67. Nb3
{[%clk 0:00:20]} Kf6 {[%clk 0:00:14]} 68. Nd2 {[%clk 0:00:22]} Ba7
{[%clk 0:00:12]} 69. Kg3 {[%clk 0:00:21]} Ke5 {[%clk 0:00:13]} 70. Nc4+
{[%clk 0:00:22]} Kd4 {[%clk 0:00:14]} 71. Nd2 {[%clk 0:00:22]} Bb8+
{[%clk 0:00:14]} 72. Kg2 {[%clk 0:00:23]} f4 {[%clk 0:00:14]} 73. Nxe4
{[%clk 0:00:10]} Nxe4 {[%clk 0:00:13]} 74. Kf3 {[%clk 0:00:11]} Nc5
{[%clk 0:00:13]} 75. Bc6 {[%clk 0:00:11]} Ke5 {[%clk 0:00:14]} 76. Ke2
{[%clk 0:00:09]} Ne6 {[%clk 0:00:15]} 77. Bb7 {[%clk 0:00:10]} Ba7
{[%clk 0:00:15]} 78. Kf3 {[%clk 0:00:10]} Ng5+ {[%clk 0:00:16]} 79. Kg4
{[%clk 0:00:11]} Ne4 {[%clk 0:00:16]} 80. Kf3 {[%clk 0:00:13]} Nd6
{[%clk 0:00:16]} 81. Bc6 {[%clk 0:00:12]} Bb8 {[%clk 0:00:16]} 82. Kf2
{[%clk 0:00:12]} Nf5 {[%clk 0:00:16]} 83. Bb7 {[%clk 0:00:12]} Nd4
{[%clk 0:00:17]} 84. Ba8 {[%clk 0:00:12]} Kf5 {[%clk 0:00:18]} 85. Bb7
{[%clk 0:00:13]} Kg5 {[%clk 0:00:18]} 86. Bc8 {[%clk 0:00:14]} Bc7
{[%clk 0:00:17]} 87. Bb7 {[%clk 0:00:15]} Nf5 {[%clk 0:00:17]} 88. Kf3
{[%clk 0:00:16]} Nh4+ {[%clk 0:00:17]} 89. Ke2 {[%clk 0:00:16]} Kg4
{[%clk 0:00:18]} 90. Kf2 {[%clk 0:00:14]} Bb6+ {[%clk 0:00:19]} 91. Ke2
{[%clk 0:00:15]} Kg3 {[%clk 0:00:20]} 92. Bc6 {[%clk 0:00:16]} f3+
{[%clk 0:00:21]} 93. Bxf3 {[%clk 0:00:17]} Nxf3 {[%clk 0:00:22]} 94. Kd3
{[%clk 0:00:19]} Kf4 {[%clk 0:00:22]} 95. Kc4 {[%clk 0:00:20]} Ke4
{[%clk 0:00:24]} 96. Kb5 {[%clk 0:00:22]} Bd4 {[%clk 0:00:25]} 97. Kc4
{[%clk 0:00:16]} Ne5+ {[%clk 0:00:25]} 98. Kb4 {[%clk 0:00:18]} Kd5 99. Kb5 Bc5
{[%clk 0:00:25]} 100. Ka4 {[%clk 0:00:21]} Kc4 {[%clk 0:00:26]} 101. Ka5
{[%clk 0:00:23]} Nf7 {[%clk 0:00:24]} 102. Ka4 {[%clk 0:00:24]} Bb6 103. Ka3 Nd6
{[%clk 0:00:24]} 104. Ka4 {[%clk 0:00:27]} Ne4 {[%clk 0:00:22]} 105. Ka3
{[%clk 0:00:28]} Nc5 {[%clk 0:00:20]} 106. Kb2 {[%clk 0:00:30]} Ba5
{[%clk 0:00:21]} 107. Kc2 {[%clk 0:00:31]} Ne4 {[%clk 0:00:21]} 108. Kb2
{[%clk 0:00:33]} Bb4 {[%clk 0:00:22]} 109. Kc2 {[%clk 0:00:34]} Bc3
{[%clk 0:00:23]} 110. Kd1 {[%clk 0:00:34]} Kd3 {[%clk 0:00:23]} 111. Kc1
{[%clk 0:00:35]} Nf2 {[%clk 0:00:22]} 112. Kb1 {[%clk 0:00:37]} Ng4
{[%clk 0:00:15]} 113. Kc1 {[%clk 0:00:37]} Ne3 {[%clk 0:00:16]} 114. Kb1
{[%clk 0:00:39]} Nc4 {[%clk 0:00:15]} 115. Kc1 {[%clk 0:00:40]} Bd2+
{[%clk 0:00:16]} 116. Kb1 {[%clk 0:00:41]} Kc3 {[%clk 0:00:17]} 117. Ka2
{[%clk 0:00:42]} Kc2 118. Ka1 Nd6 {[%clk 0:00:18]} 119. Ka2 {[%clk 0:00:45]} Nb5
{[%clk 0:00:19]} 120. Ka1 {[%clk 0:00:47]} Bc1 121. Ka2 Nc3+ 122. Ka1 Bb2#
{[%clk 0:00:22]} 0-1

[Event "Blitz 2018"]
[Site "Saint-Petersburg"]
[Date "2018.12.30"]
[Round "14"]
[Board "51"]
[White "Vishnu Prasanna. V (IND)"]
[Black "Motylev Alexander (RUS)"]
[Result "0-1"]
[LiveChessVersion "1.4.8"]
[BlackElo "2609"]
[WhiteElo "2519"]

1. e4 {[%clk 0:03:02]} e5 {[%clk 0:03:03]} 2. Nf3 {[%clk 0:03:02]} Nc6
{[%clk 0:03:04]} 3. Bb5 {[%clk 0:03:02]} Nge7 {[%clk 0:03:05]} 4. c3
{[%clk 0:02:58]} d5 {[%clk 0:03:05]} 5. Nxe5 {[%clk 0:02:50]} dxe4
{[%clk 0:03:06]} 6. Qe2 {[%clk 0:02:24]} Be6 {[%clk 0:03:06]} 7. O-O
{[%clk 0:02:16]} Qd5 {[%clk 0:02:51]} 8. Nxc6 {[%clk 0:02:05]} Nxc6
{[%clk 0:02:49]} 9. Na3 {[%clk 0:01:46]} Bxa3 {[%clk 0:02:37]} 10. bxa3
{[%clk 0:01:47]} O-O {[%clk 0:02:37]} 11. f3 {[%clk 0:01:39]} exf3
{[%clk 0:02:36]} 12. gxf3 {[%clk 0:01:23]} Rfe8 {[%clk 0:02:36]} 13. Bxc6
{[%clk 0:01:05]} Qxc6 {[%clk 0:02:34]} 14. Qd1 {[%clk 0:00:42]} Bh3
{[%clk 0:02:18]} 15. Rf2 {[%clk 0:00:42]} Qg6+ {[%clk 0:01:21]} 16. Kh1
{[%clk 0:00:41]} Qd3 {[%clk 0:01:15]} 17. Bb2 {[%clk 0:00:41]} Re6
{[%clk 0:01:15]} 18. Qb1 {[%clk 0:00:31]} Qxb1+ {[%clk 0:01:11]} 19. Rxb1
{[%clk 0:00:32]} Rae8 {[%clk 0:01:11]} 20. Rg1 {[%clk 0:00:13]} Re1
{[%clk 0:01:11]} 0-1

[Event "Blitz 2018"]
[Site "Saint-Petersburg"]
[Date "2018.12.30"]
[Round "14"]
[Board "52"]
[White "Miton Kamil (POL)"]
[Black "Mchedlishvili Mikheil (GEO)"]
[Result "1/2-1/2"]
[LiveChessVersion "1.4.8"]
[BlackElo "2607"]
[WhiteElo "2520"]

1. Nf3 {[%clk 0:03:01]} Nf6 {[%clk 0:03:00]} 2. c4 {[%clk 0:03:01]} g6
{[%clk 0:02:59]} 3. d4 {[%clk 0:02:57]} Bg7 {[%clk 0:02:57]} 4. Nc3
{[%clk 0:02:56]} d5 {[%clk 0:02:55]} 5. e3 {[%clk 0:02:57]} O-O {[%clk 0:02:54]}
6. Be2 {[%clk 0:02:52]} dxc4 {[%clk 0:02:38]} 7. Bxc4 {[%clk 0:02:48]} c5
{[%clk 0:02:33]} 8. d5 {[%clk 0:02:47]} Bg4 {[%clk 0:02:11]} 9. O-O
{[%clk 0:02:35]} Nbd7 {[%clk 0:02:11]} 10. Be2 {[%clk 0:02:22]} Ne8
{[%clk 0:01:30]} 11. e4 {[%clk 0:02:13]} Nd6 {[%clk 0:01:30]} 12. Bg5
{[%clk 0:02:03]} Bxc3 {[%clk 0:01:25]} 13. bxc3 {[%clk 0:02:02]} Nxe4
{[%clk 0:01:26]} 14. Bd2 {[%clk 0:01:39]} Ndf6 {[%clk 0:01:22]} 15. c4
{[%clk 0:01:38]} Nxd2 {[%clk 0:01:09]} 16. Qxd2 {[%clk 0:01:38]} e6
{[%clk 0:01:10]} 17. d6 {[%clk 0:01:20]} Bxf3 {[%clk 0:00:34]} 18. Bxf3
{[%clk 0:01:21]} Rb8 {[%clk 0:00:36]} 19. Rad1 {[%clk 0:01:14]} Nd7
{[%clk 0:00:33]} 20. g3 {[%clk 0:01:03]} Ne5 {[%clk 0:00:31]} 21. Be2
{[%clk 0:01:03]} Nc6 {[%clk 0:00:31]} 22. Qe3 {[%clk 0:00:48]} b6
{[%clk 0:00:31]} 23. h4 {[%clk 0:00:45]} Qf6 {[%clk 0:00:29]} 24. Bf3
{[%clk 0:00:27]} Nd4 {[%clk 0:00:30]} 25. Bg2 {[%clk 0:00:28]} Rfd8
{[%clk 0:00:31]} 26. Qa3 {[%clk 0:00:28]} Rd7 {[%clk 0:00:29]} 27. Qa4
{[%clk 0:00:29]} Rbd8 {[%clk 0:00:30]} 28. Qa6 {[%clk 0:00:20]} Rxd6
{[%clk 0:00:30]} 29. Kh1 {[%clk 0:00:20]} R6d7 {[%clk 0:00:30]} 30. a4
{[%clk 0:00:20]} Qe7 {[%clk 0:00:25]} 31. a5 {[%clk 0:00:20]} Qd6
{[%clk 0:00:21]} 32. Rb1 {[%clk 0:00:19]} bxa5 {[%clk 0:00:20]} 33. Qxa5
{[%clk 0:00:20]} Kg7 {[%clk 0:00:21]} 34. Ra1 {[%clk 0:00:18]} Rb8
{[%clk 0:00:19]} 35. Qa4 {[%clk 0:00:15]} Rb4 {[%clk 0:00:19]} 36. Qa2
{[%clk 0:00:16]} a5 {[%clk 0:00:19]} 37. h5 {[%clk 0:00:13]} a4 {[%clk 0:00:17]}
38. Qd2 {[%clk 0:00:14]} Nf5 {[%clk 0:00:15]} 39. Qg5 {[%clk 0:00:11]} Qe7
{[%clk 0:00:13]} 40. Qf4 {[%clk 0:00:12]} g5 {[%clk 0:00:12]} 41. Qe5+
{[%clk 0:00:12]} f6 {[%clk 0:00:14]} 42. Qe2 {[%clk 0:00:12]} Nd4
{[%clk 0:00:14]} 43. Qe3 {[%clk 0:00:12]} Qf7 {[%clk 0:00:15]} 44. h6+
{[%clk 0:00:11]} Kxh6 {[%clk 0:00:16]} 45. Be4 {[%clk 0:00:07]} Kg7
{[%clk 0:00:17]} 46. Kg2 {[%clk 0:00:09]} Rb3 {[%clk 0:00:19]} 47. Qe1
{[%clk 0:00:08]} f5 {[%clk 0:00:18]} 48. Bb1 {[%clk 0:00:09]} Qf6
{[%clk 0:00:20]} 49. Rxa4 Rb6 {[%clk 0:00:12]} 50. Ra5 {[%clk 0:00:09]} Rc7
{[%clk 0:00:12]} 51. Bd3 {[%clk 0:00:09]} Rd6 {[%clk 0:00:13]} 52. Bb1
{[%clk 0:00:09]} g4 {[%clk 0:00:15]} 53. Qe3 {[%clk 0:00:10]} h6 {[%clk 0:00:15]}
54. Rh1 {[%clk 0:00:11]} Rdd7 {[%clk 0:00:16]} 55. Ra6 {[%clk 0:00:12]} Re7
{[%clk 0:00:15]} 56. Qf4 {[%clk 0:00:10]} Nf3 {[%clk 0:00:12]} 57. Bxf5
{[%clk 0:00:09]} Qg5 {[%clk 0:00:06]} 58. Qxg5+ {[%clk 0:00:06]} Nxg5
{[%clk 0:00:07]} 59. Bxg4 {[%clk 0:00:07]} Rc8 {[%clk 0:00:04]} 60. f4
{[%clk 0:00:07]} Ne4 {[%clk 0:00:05]} 61. Rxe6 {[%clk 0:00:08]} Rxe6
{[%clk 0:00:06]} 62. Bxe6 {[%clk 0:00:09]} Rb8 {[%clk 0:00:08]} 63. Kf3
{[%clk 0:00:07]} Nd2+ {[%clk 0:00:08]} 64. Ke3 {[%clk 0:00:07]} Rb2
{[%clk 0:00:08]} 65. Kd3 {[%clk 0:00:07]} Nf3 {[%clk 0:00:08]} 66. Bd5
{[%clk 0:00:07]} Nd4 {[%clk 0:00:09]} 67. Re1 {[%clk 0:00:04]} Rb3+
{[%clk 0:00:10]} 68. Ke4 {[%clk 0:00:05]} Rxg3 {[%clk 0:00:11]} 69. Ke5
{[%clk 0:00:05]} h5 {[%clk 0:00:11]} 70. f5 {[%clk 0:00:05]} h4 71. f6+
{[%clk 0:00:06]} Kf8 {[%clk 0:00:05]} 72. Ra1 {[%clk 0:00:06]} Re3+
{[%clk 0:00:06]} 73. Kf4 {[%clk 0:00:07]} Re8 {[%clk 0:00:08]} 74. Rh1
{[%clk 0:00:06]} Ne2+ {[%clk 0:00:06]} 75. Kg5 {[%clk 0:00:06]} Re5+
{[%clk 0:00:07]} 76. Kxh4 {[%clk 0:00:04]} Nf4 {[%clk 0:00:07]} 77. Bf3
{[%clk 0:00:03]} Kf7 {[%clk 0:00:06]} 78. Kg4 {[%clk 0:00:04]} Ng6
{[%clk 0:00:06]} 79. Bd5+ {[%clk 0:00:03]} Kxf6 {[%clk 0:00:07]} 80. Rf1+
{[%clk 0:00:05]} Ke7 {[%clk 0:00:07]} 81. Rf7+ {[%clk 0:00:06]} Kd8
{[%clk 0:00:08]} 82. Rf6 {[%clk 0:00:06]} Ne7 {[%clk 0:00:09]} 83. Rf8+
{[%clk 0:00:05]} Kd7 {[%clk 0:00:10]} 84. Rf7 {[%clk 0:00:06]} Kd8
{[%clk 0:00:11]} 85. Rf8+ {[%clk 0:00:07]} 1/2-1/2

[Event "Blitz 2018"]
[Site "Saint-Petersburg"]
[Date "2018.12.30"]
[Round "14"]
[Board "53"]
[White "Tissir Mohamed (MAR)"]
[Black "Lintchevski Daniil (RUS)"]
[Result "0-1"]
[LiveChessVersion "1.4.8"]
[BlackElo "2594"]
[WhiteElo "2381"]

1. e4 {[%clk 0:03:02]} c6 {[%clk 0:03:03]} 2. d4 {[%clk 0:03:02]} d5
{[%clk 0:03:04]} 3. Nc3 {[%clk 0:03:03]} dxe4 {[%clk 0:03:04]} 4. Nxe4
{[%clk 0:03:04]} Bf5 {[%clk 0:03:05]} 5. Ng3 {[%clk 0:03:05]} Bg6
{[%clk 0:03:05]} 6. Nh3 {[%clk 0:03:06]} e6 {[%clk 0:03:06]} 7. Nf4
{[%clk 0:03:06]} Qh4 {[%clk 0:03:06]} 8. c3 {[%clk 0:03:00]} Nd7 {[%clk 0:03:07]}
9. Bd3 {[%clk 0:02:24]} Bd6 {[%clk 0:02:58]} 10. Nfe2 {[%clk 0:02:22]} Ngf6
{[%clk 0:02:52]} 11. Be3 {[%clk 0:01:27]} Nd5 {[%clk 0:02:49]} 12. Qd2
{[%clk 0:01:28]} Nxe3 {[%clk 0:02:49]} 13. fxe3 {[%clk 0:01:28]} O-O-O
{[%clk 0:02:36]} 14. O-O-O {[%clk 0:01:24]} Kb8 15. Kb1 Bc7 {[%clk 0:02:21]} 16.
Ka1 {[%clk 0:01:27]} Nf6 {[%clk 0:02:12]} 17. Nf4 e5 {[%clk 0:02:05]} 18. Nxg6
{[%clk 0:00:35]} hxg6 {[%clk 0:02:05]} 19. Ne2 {[%clk 0:00:30]} Ng4
{[%clk 0:02:06]} 20. g3 {[%clk 0:00:27]} Qg5 {[%clk 0:02:04]} 21. h4
{[%clk 0:00:28]} Qxe3 {[%clk 0:02:04]} 22. Bc4 {[%clk 0:00:25]} f5
{[%clk 0:01:52]} 23. Bf7 {[%clk 0:00:19]} Rh6 {[%clk 0:01:45]} 24. Qxe3
{[%clk 0:00:16]} Nxe3 {[%clk 0:01:46]} 25. Rc1 {[%clk 0:00:17]} e4
{[%clk 0:01:43]} 26. Rcg1 {[%clk 0:00:16]} Rf8 {[%clk 0:01:40]} 27. Bb3
{[%clk 0:00:17]} Ng4 {[%clk 0:01:37]} 28. Rf1 {[%clk 0:00:16]} Rfh8
{[%clk 0:01:36]} 29. Bf7 {[%clk 0:00:14]} Rf8 {[%clk 0:01:27]} 30. Bb3
{[%clk 0:00:16]} Rhh8 {[%clk 0:01:21]} 31. c4 {[%clk 0:00:16]} Rf6
{[%clk 0:01:17]} 32. d5 {[%clk 0:00:18]} Be5 {[%clk 0:01:17]} 33. c5
{[%clk 0:00:15]} cxd5 {[%clk 0:01:16]} 34. Rc1 {[%clk 0:00:07]} d4
{[%clk 0:01:16]} 0-1

[Event "Blitz 2018"]
[Site "Saint-Petersburg"]
[Date "2018.12.30"]
[Round "14"]
[Board "54"]
[White "Anisimov Pavel (RUS)"]
[Black "Gordievsky Dmitry (RUS)"]
[Result "1/2-1/2"]
[LiveChessVersion "1.4.8"]
[BlackElo "2591"]
[WhiteElo "2519"]

1. d4 {[%clk 0:03:02]} f5 {[%clk 0:03:04]} 2. Bg5 {[%clk 0:02:58]} g6
{[%clk 0:03:04]} 3. h4 {[%clk 0:02:54]} h6 {[%clk 0:03:03]} 4. Bc1
{[%clk 0:02:48]} d6 {[%clk 0:02:58]} 5. c4 {[%clk 0:02:42]} Nf6 {[%clk 0:02:53]}
6. Nc3 {[%clk 0:02:42]} e5 {[%clk 0:02:48]} 7. e3 {[%clk 0:02:28]} Be6
{[%clk 0:02:44]} 8. b3 {[%clk 0:02:26]} Nbd7 {[%clk 0:02:43]} 9. Bb2
{[%clk 0:02:26]} Bg7 {[%clk 0:02:43]} 10. Qd2 {[%clk 0:02:16]} O-O
{[%clk 0:02:36]} 11. Nf3 {[%clk 0:02:10]} Bf7 {[%clk 0:02:24]} 12. Be2
{[%clk 0:02:07]} e4 {[%clk 0:02:19]} 13. Ng1 {[%clk 0:02:07]} c6 {[%clk 0:02:16]}
14. Nh3 {[%clk 0:02:07]} d5 {[%clk 0:02:16]} 15. Nf4 {[%clk 0:02:01]} Re8
{[%clk 0:02:10]} 16. cxd5 {[%clk 0:01:56]} cxd5 {[%clk 0:02:09]} 17. O-O-O
{[%clk 0:01:51]} Nb8 {[%clk 0:01:58]} 18. Kb1 {[%clk 0:01:51]} Nc6
{[%clk 0:01:59]} 19. Na4 {[%clk 0:01:42]} Re7 {[%clk 0:01:51]} 20. Rhg1
{[%clk 0:01:36]} Rc7 {[%clk 0:01:27]} 21. g4 {[%clk 0:01:32]} fxg4
{[%clk 0:01:27]} 22. Bxg4 {[%clk 0:01:32]} Nxg4 {[%clk 0:01:28]} 23. Rxg4
{[%clk 0:01:33]} Ne7 {[%clk 0:00:39]} 24. Ba3 {[%clk 0:01:35]} Rac8
{[%clk 0:00:40]} 25. Rdg1 {[%clk 0:01:24]} Nf5 {[%clk 0:00:22]} 26. Nc5
{[%clk 0:00:49]} Rc6 {[%clk 0:00:07]} 27. Nxg6 {[%clk 0:00:31]} Bxg6
{[%clk 0:00:06]} 28. Rxg6 {[%clk 0:00:32]} Rxg6 29. Rxg6 {[%clk 0:00:33]} Qxh4
{[%clk 0:00:06]} 30. Ne6 {[%clk 0:00:28]} Kh7 {[%clk 0:00:07]} 31. Nf4
{[%clk 0:00:22]} Qh1+ {[%clk 0:00:04]} 32. Kb2 {[%clk 0:00:21]} Qf3
{[%clk 0:00:04]} 33. Rg2 {[%clk 0:00:13]} Rd8 {[%clk 0:00:04]} 34. Bc5
{[%clk 0:00:12]} b6 {[%clk 0:00:05]} 35. Bb4 {[%clk 0:00:13]} Nh4
{[%clk 0:00:06]} 36. Rh2 {[%clk 0:00:13]} Nf5 {[%clk 0:00:06]} 37. Bc3
{[%clk 0:00:14]} Rd7 {[%clk 0:00:08]} 38. Rh3 {[%clk 0:00:10]} Qg4
{[%clk 0:00:08]} 39. Rh5 {[%clk 0:00:11]} Nh4 {[%clk 0:00:08]} 40. Rxd5
{[%clk 0:00:10]} Rxd5 {[%clk 0:00:09]} 41. Nxd5 {[%clk 0:00:11]} Nf3
{[%clk 0:00:10]} 42. Qe2 {[%clk 0:00:11]} h5 {[%clk 0:00:11]} 43. Nf4
{[%clk 0:00:12]} h4 {[%clk 0:00:13]} 44. Qf1 {[%clk 0:00:12]} Qg1
{[%clk 0:00:13]} 45. Qh3 {[%clk 0:00:10]} Qxf2+ {[%clk 0:00:14]} 46. Ka3
{[%clk 0:00:11]} Qxe3 {[%clk 0:00:09]} 47. Qf5+ Kg8 48. Qe6+ {[%clk 0:00:09]} Kh8
{[%clk 0:00:09]} 49. Qe8+ {[%clk 0:00:09]} Kh7 {[%clk 0:00:11]} 50. Qg6+
{[%clk 0:00:10]} Kh8 {[%clk 0:00:12]} 51. Qh5+ {[%clk 0:00:11]} Kg8
{[%clk 0:00:13]} 52. Qe8+ {[%clk 0:00:07]} Kh7 {[%clk 0:00:13]} 1/2-1/2